| 000 | 00418nam a22001697a 4500 | ||
|---|---|---|---|
| 003 | SGT | ||
| 020 | _a9788119877256 | ||
| 082 |
_a617.8 _bC24N |
||
| 100 | _aNIPARKO, JOHN K. | ||
| 245 | _aCOCHLEAR IMPLANTS PRINCIPLES AND PRACTICE | ||
| 250 | _a2ND | ||
| 260 |
_aUSA _bWOLTERS KLUWER PUB _c2024 |
||
| 300 | _a356 | ||
| 650 | _aAUDIOLOGY | ||
| 653 | _aCOCHLEAR IMPLANTS PRINCIPLES AND PRACTICE | ||
| 942 |
_2ddc _cBK |
||
| 999 |
_c31175 _d31175 |
||